10 Biggest cities in Denmark - Statistics

General Stats
  • This quiz has been taken 231 times
  • The average score is 6 of 10
Answer Stats
Population Cities % Correct
1 153 615 Copenhagen
99%
237 551 Aarhus
96%
145 931 Odense
88%
122 219 Aalborg
86%
72 205 Esbjerg
67%
55 780 Randers
50%
51 177 Vejle
46%
50 074 Horsens
43%
55 363 Kolding
43%
95 029 Frederiksberg
24%
No matching quizzes found
Score Distribution
Percent of People with Each Score
Percentile by Number Answered
Your Score History
You have not taken this quiz